Haldane, (Record no. 552107)
[ view plain ]
| 000 -LEADER | |
|---|---|
| fixed length control field | 00493cam a22001331 4500 |
| 082 ## - DEWEY DECIMAL CLASSIFICATION NUMBER | |
| Classification number | 335.009242 |
| Author Mark | MAU |
| 100 1# - MAIN ENTRY--PERSONAL NAME | |
| Personal name | Maurice, Frederick, |
| 9 (RLIN) | 49327 |
| 245 10 - TITLE STATEMENT | |
| Title | Haldane, |
| Remainder of title | the life of Viscount Haldane of Cloan, K.T., O.M., |
| Statement of responsibility, etc. | by Major-General Sir Frederick Maurice. |
| 260 ## - PUBLICATION, DISTRIBUTION, ETC. | |
| Place of publication, distribution, etc. | London, |
| Name of publisher, distributor, etc. | Faber and Faber |
| Date of publication, distribution, etc. | [1937-1939] |
| 300 ## - PHYSICAL DESCRIPTION | |
| Extent | 2 v. |
| Other physical details | fronts, illus., map, pl., ports. |
| Dimensions | 24 cm. |
| 505 0# - FORMATTED CONTENTS NOTE | |
| Formatted contents note | v. 1. 1856-1915 -- v. 2. 1915-1928. |
| 526 ## - STUDY PROGRAM INFORMATION NOTE | |
| Program name | 0 |
| Interest level | 0 |
| Reading level | 0 |
| Title point value | 335_009242000000000_MAU |
| 942 ## - ADDED ENTRY ELEMENTS (KOHA) | |
| Source of classification or shelving scheme | |
| Koha item type | Book |
| Withdrawn status | Lost status | Source of classification or shelving scheme | Damaged status | Not for loan | Permanent Location | Current Location | Shelving location | Date acquired | Total Checkouts | Full call number | Barcode | Date last seen | Price effective from | Koha item type |
|---|---|---|---|---|---|---|---|---|---|---|---|---|---|---|
| Military College of Engineering (MCE) | Military College of Engineering (MCE) | 01/07/2015 | 335.009242 MAU | MCE-ECH/115 | 01/07/2015 | 01/07/2015 | Book |
